000 00649nam a2200241 a 4500
001 0001-1242
003 ELIB.Books
008 150603 2010 eng
020 _a1883002672
035 _a(ELIB.Books)0001-1397
092 _a264
_bKra
100 _aKraeuter, Tom
245 _aMore Things They Didn't Teach Me
_bIn Worship Leading School
260 _aHillsboro
_bTraining Resources, Inc.
_c1998
300 _a271
_c21.5 Cm
500 _aC/o Moe Tarmalar Paw
650 _aPublic Worship
856 _nKBTS: Library
_uKBTS: Elib
942 _2ddc
_cBK
990 _a2
998 _cbat
_e2015-06-03
999 _c11242
_d11242